| 000 | 00575nam a2200181 a 4500 | ||
|---|---|---|---|
| 005 | 20210219160335.0 | ||
| 008 | 081013s1972 mx r 000 0 spa d | ||
| 035 | _aUPN01000163348 | ||
| 049 | _aUNE | ||
| 080 | _a341.16: 001:37. 014.22 (100)=20 GIL. | ||
| 100 | 1 | _aGillete, Arthur. | |
| 245 | 1 | 0 |
_aYouth and literacy : _byou've got a ticket to ride / _cArthur Gillete. |
| 260 |
_aParis : _bUNESCO; _aNew York : _bUNCESI, _c1972. |
||
| 300 |
_a82 p. ; _bil. |
||
| 440 | 0 | _a(UNESCO and its programme) | |
| 690 | _aMateriales de informacion- Alfabetizacion | ||
| 905 | _aUNESCO | ||
| 999 |
_c135461 _d135461 |
||